000 00669cam a22002173a 4500
001 40013
003 PGUSA
005 20140828083906.0
008 120617s2012||||xxu|||||s|||||000 | eng d
040 _aPGUSA
_beng
042 _adc
100 1 _aEggleston, George Cary,
_d1839-1911
245 1 4 _aThe Master of Warlock :
_bA Virginia War Story
_h[electronic resource] /
_cGeorge Cary Eggleston
260 _bProject Gutenberg,
_c2012
506 _aPublic domain in the USA.
516 _aElectronic text
700 1 _aWilliams, C. D.
_q(Charles D.),
_d1875-1954
830 0 _aProject Gutenberg
_v40013
856 4 0 _uhttp://www.gutenberg.org/ebooks/40013
942 _cEB
999 _c269266
_d269266